| 000 | 00727nam a2200193 4500 | ||
|---|---|---|---|
| 001 | 121748 | ||
| 003 | ES-MaACL | ||
| 005 | 20230906191820.0 | ||
| 007 | t| | ||
| 008 | 070214s1999 sp r ||||1| spa d | ||
| 100 | 1 |
_aPortillo, Alvaro del. _993249 |
|
| 245 | 1 | 0 |
_aDescubrimientos y exploraciones en las costas de California / _cAlvaro del Portillo. |
| 250 | _a1ª. ed. | ||
| 260 |
_aMadrid : _bBlass, _c1947. |
||
| 300 |
_a540 p., 37 lám. : _bil. ; _c22 cm + _e12 maps. |
||
| 500 | _aEs una publicación de la Escuela de Estudios Hispano-Americanos de Sevilla, nº XX de la serie 2ª de monografías, nº 7. | ||
| 710 | 2 |
_aEscuela de Estudios Hispano-Americanos (Sevilla) _9134366 |
|
| 852 |
_aES-MaACL _jC-5502 _bR.25902 |
||
| 999 |
_c121748 _d121748 |
||